00757nam a2200193 a 450000100100000000500170001000800410002704000250006810000430009324501090013626000280024530000210027349000160029450000620031070000460037283000230041895201050044199900170054600004362520201002044902.0140331s1970 sp 000 0 spa d aDO-SdBNPbspacBNPHU1 aByron, George Gordond1788-182497145410aLas peregrinaciones de Childe-Harold :bEl corsario /cLord Byron; prólogo J. Enrique García Melero. aMadrid :bLibra,c1970. a206 p. ;c17 cm.1 aPurpurav21 aDos obras encuadernadas juntas con paginación continua.12aGarcía Melero, J. Enriqueeprol.948168 0aPurpuran21971455 001050718MOaGRbGRcCTd2014-03-31iLF1l0o p43625-10r2020-06-25w2020-06-25y1ZNo se presta c43114d43114